000 00620nam a2200217Ia 4500
005 20250508163908.0
008 008 250505s9999 xx 000 0 hin d
020 _a81-7917-001-2
037 _aTextBook
040 _aFEDL
_beng
_cFEDL
041 _ahin
_2eng
084 _a320.5, MIS/R
_qFEDL
100 _aMishr Krishan Kant
_9776706
245 0 _aSamajvadhi chintak ka itihas. 3 parts
260 _aDelhi, India
_bGranth Shilpi
_c2002
365 _aINR
_b1650
490 _vPt 1, 417 p.
650 _aPolitical Science-Ideology
_9776707
942 _cTB
_h320.5, MIS/R
999 _c1385843
_d1385843